000 01250nac a22002417a 4500
003 Co-PeBPM
005 20240321170637.0
007 ta
008 240321s2023 |||||||| |||| 00| 0 spa d
020 _a9786289561555
040 _aCo-PeBPM
_bspa
_cCo-PeBPM
_erda
041 _aspa
082 0 4 _aCo863 G643u
_222
100 1 _aGonzález Medina, Francisco
_d1953- ,
_eautor
245 1 0 _aLos utilizados
_c/ Francisco González Medina
250 _aPrimera edición
260 1 _aPereira, Risaralda,
_bKlepsidra Editores,
_c2023
300 _a356 páginas
_c23 centímetros
520 _aLa prosa del autor, la historia que narra, sus personajes definidos, vivos, contemplativos nos recuerda no solo las grandes novelas como María, de Jorge Isaac, o La casa de las dos Palmas, de Manuel Mejía Vallejo, sino que se inscribe en esos capítulos de una Colombia rumorosa por el campo donde perviven sus protagonistas, con sus tradiciones más exacerbadas que oscilan entre la religión y la política; es una prosa ágil, sin dudas sin retóricas incomprensibles, y eso hace que su narración fluya y pueda ser comprendida aún por lectores noveles.
650 1 _aLiteratura colombiana
_2Lemb
650 1 _aNovela colombiana
_2Lemb
942 _2ddc
_cBK
_n0
999 _c26640
_d26640